[Event "Moia op 8th"]
[Site "Moia"]
[Date "2019.11.22"]
[Round "8.7"]
[White "Puignero Vilaro, Marc"]
[Black "Bellpuig Mencos, Gerard"]
[Result "1/2-1/2"]
[WhiteElo "1512"]
[BlackElo "1673"]
[PlyCount "37"]
[EventDate "2019.09.20"]
[EventType "swiss"]
[EventRounds "8"]
[EventCountry "ESP"]
[SourceTitle "EXT 2024"]
[Source "ChessBase"]
[SourceDate "2023.10.10"]
[SourceVersion "1"]
[SourceVersionDate "2023.10.10"]
[SourceQuality "1"]

1. e4 Nf6 2. e5 Nd5 3. d4 d6 4. Nf3 Bf5 5. c4 Nb6 6. Nc3 Nc6 7. Be3 g6 8. Bd3 Bxd3 9. Qxd3 dxe5 10. d5 Nb4 11. Qe2 Bg7 12. a3 e4 13. Nxe4 Na6 14. Bd4 Bxd4 15. Nxd4 0-0 16. Rd1 Qe8 17. b3 Nd7 18. 0-0 Nf6 19. Ng5 1/2-1/2

[Event "Moia op 8th"]
[Site "Moia"]
[Date "2019.11.15"]
[Round "7.6"]
[White "Fumanal Villagrasa, Kevin"]
[Black "Puignero Vilaro, Marc"]
[Result "1-0"]
[WhiteElo "1787"]
[BlackElo "1512"]
[PlyCount "69"]
[EventDate "2019.09.20"]
[EventType "swiss"]
[EventRounds "8"]
[EventCountry "ESP"]
[SourceTitle "EXT 2024"]
[Source "ChessBase"]
[SourceDate "2023.10.10"]
[SourceVersion "1"]
[SourceVersionDate "2023.10.10"]
[SourceQuality "1"]

1. Nf3 Nf6 2. g3 g6 3. b3 Bg7 4. Bb2 0-0 5. Bg2 d5 6. 0-0 Bg4 7. Ne5 Bf5 8. c4 Be4 9. f3 Bf5 10. cxd5 Bxb1 11. Rxb1 Qxd5 12. e4 Qd6 13. d4 Nc6 14. Nxc6 Qxc6 15. f4 Rad8 16. d5 Qb6+ 17. Bd4 c5 18. Bf2 Qb4 19. Qe2 b6 20. Rfd1 Nd7 21. Qa6 Qa5 22. Qxa5 bxa5 23. e5 e6 24. dxe6 fxe6 25. Bh3 Rfe8 26. Rd6 Kf7 27. Rbd1 Re7 28. Bxc5 g5 29. R6d4 h5 30. Bxe7 Kxe7 31. Rd6 g4 32. Bg2 Bf8 33. Bc6 Nb8 34. Rxd8 Nxc6 35. R1d7# 1-0